Treasury scepticism dilutes sustainable consumption strategy (Record no. 73901)

MARC details
000 -LEADER
fixed length control field 01090cam a2200169 4500
008 - FIXED-LENGTH DATA ELEMENTS--GENERAL INFORMATION
fixed length control field 031128n2003 000 0 eng u
035 ## - SYSTEM CONTROL NUMBER
System control number (Sirsi) u124526
245 ## - TITLE STATEMENT
Title Treasury scepticism dilutes sustainable consumption strategy
260 ## - PUBLICATION, DISTRIBUTION, ETC.
Date of publication, distribution, etc. 2003
490 ## - SERIES STATEMENT
Series statement ENDS Report
Volume/sequential designation (345) October 2003, 22-26(5)
520 ## - SUMMARY, ETC.
Summary, etc. A critical article on the report "Changing patterns: UK government framework for sustainable consumption and production" and the joint DEFRA/DTI consultation paper on a set of decoupling indicators of sustainable development "Sustainable consumption and production indicators". This framework sets out the environmental and economic rationale for sustainable consumption and production. Looks at the political and economic background to the document, and its key measures. Also lists the proposed sustainable consumption and production indicators. View the report and consultation paper at www.defra.gov.uk/environment.
590 ## - LOCAL NOTE (RLIN)
Local note ABS
650 ## - SUBJECT ADDED ENTRY--TOPICAL TERM
Topical term or geographic name entry element ENVIRONMENTAL RESOURCES
650 ## - SUBJECT ADDED ENTRY--TOPICAL TERM
Topical term or geographic name entry element SUSTAINABLE DEVELOPMENT
690 ## - LOCAL SUBJECT ADDED ENTRY--TOPICAL TERM (OCLC, RLIN)
Topical term or geographic name as entry element DEVELOPMENT-SUSTAINABLE
942 ## - ADDED ENTRY ELEMENTS (KOHA)
Suppress in OPAC 0
Holdings
Withdrawn status Lost status Source of classification or shelving scheme Damaged status Not for loan Home library Current library Shelving location Date acquired Total Checkouts Full call number Barcode Date last seen Copy number Price effective from Koha item type
    Dewey Decimal Classification     London London RICS Boxes 28/11/2003   ABS67241 124526-1001 06/08/2019 1 06/08/2019 Book
    Dewey Decimal Classification     London London Journal article 28/11/2003   ABS67241 124526-1002 06/08/2019 2 06/08/2019 Journal article